000 01058nam a2200301Ia 4500
001 H1564
003 IT-RoPAU
008 130308s9999 xx 000 0 und d
040 _aIT-RoPAU
040 _cIT-RoPAU
041 _aFRANCESE
100 _aPozzato Maria Pia
100 _gCodice Aut. SPICS: 15179
245 _aExtases culturelle s et mythe personnel dans les trois romans d'Umberto Eco
245 _bAu Nom Du sens Autour de L'Oeuvre D'Umberto Eco
250 _a1a ed.
260 _aPARIS
260 _bGrasset Bernard
260 _c2000 [1° Ed.:2000 - Ed.Ling.Originale:2000]
300 _a"14 p. (prefazione: no ; testo: 14 [pagine: 525-538])"
500 _a"Estasi Culturali e Mito Personale Nei tre Romanzi di Umberto Eco. Pudore Mistico: raccontare Vs Teorizzare. Analisi delle Sequenze: Vita e Morte; Orientamento Spazio Temporale; riti D'Iniziazione ed Eroi Culturali; figure Principali."
650 _aSEMIOLOGIA
650 _eCodice materia Spics: 3251
942 _cBK
957 _71
999 _c40747
_d40747
999 _bSI
999 _g1